Loading...
Mythology | 3 | 0 | 0 | 0 | 45 | 45 | 65.33 | 3 | 3 |
Social Science | 1 | 2 | 1 | 1 | 30 | 73 | 92.67 | 0 | 3 |
Geography | 1 | 1 | 0 | 0 | 25 | 59 | 80.50 | 1 | 1 |
History - World History | 1 | 1 | 1 | 1 | 20 | 58 | 89.00 | 0 | 0 |
Religion | 1 | 0 | 0 | 0 | 15 | 38 | 38.00 | 1 | 1 |
Other Academic | 1 | 0 | 0 | 0 | 15 | 57 | 57.00 | 0 | 1 |
Science - Biology | 0 | 2 | 2 | 1 | 10 | 99 | 103.50 | 0 | 1 |
History - American History | 0 | 1 | 0 | 1 | 10 | 137 | 137.00 | 0 | 0 |
Fine Arts - Other Fine Arts | 0 | 1 | 0 | 0 | 10 | 120 | 120.00 | 0 | 0 |
History - Other History | 0 | 1 | 0 | 1 | 10 | 123 | 123.00 | 0 | 1 |
Literature - World Literature | 0 | 1 | 0 | 1 | 10 | 139 | 139.00 | 0 | 1 |
Religion- Edited | 0 | 1 | 0 | 0 | 10 | 90 | 90.00 | 0 | 0 |